Yüklüyor......

Cases in public relations management /

Detaylı Bibliyografya
Diğer Yazarlar: Swann,, Patricia
Materyal Türü: Printed Book
Dil:English
Baskı/Yayın Bilgisi: London: Routledge, 2010.
Konular:
LEADER 00575cam a2200181ua 4500
008 121020t2010||||||||||| 00 ||eng c
041 0 |a eng 
082 |a 659.2  |b SWA/C 
245 1 0 |a Cases in public relations management /  
260 |a London:  |b Routledge,  |c 2010. 
300 |a 388p.. 
362 1 |a 2010. 
650 |a Public relations-Management-Case studies 
650 0 |a Public relations 
700 0 2 |a Swann,, Patricia 
942 |c BK 
999 |c 27825  |d 27825 
952 |0 0  |1 0  |4 0  |6 659_200000000000000_SWA  |7 0  |9 29596  |a KUCL  |b KUCL  |d 2014-05-23  |l 0  |o 659.2 SWA/  |p 29309  |r 2014-05-23  |w 2014-05-23  |y BK